El ojo 7mo /
Guardado en:
| Autor Principal: | |
|---|---|
| Otros Autores: | , |
| Formato: | Libro |
| Publicado: |
Buenos Aires :
Longseller,
2005
|
| Materias: | |
| Etiquetas: |
Agregar Etiqueta
Sin Etiquetas, Sea el primero en etiquetar este registro!
|
| LEADER | 01267nam a22002415a 4500 | ||
|---|---|---|---|
| 001 | CEM.cems013204 | ||
| 008 | 130507s2005##################000#0#####d | ||
| 005 | 20240618182135.0 | ||
| 245 | 1 | 0 | |a El ojo 7mo / |c Ana Galdeano, Pablo Leona y Violeta Mazer |
| 260 | |a Buenos Aires : |b Longseller, |c 2005 | ||
| 300 | |a 32 p. | ||
| 500 | |a Acompaña al libro de texto Lengua 7 | ||
| 500 | |a Incluye propuestas de trabajo para el aula. | ||
| 505 | 0 | |a Acciones culturales solidarias -- María Inés Mato: la argentina que batió el récord -- Monstruos: desde sus orígenes a la animación computarizada -- Ante todo, ¿qué es un monstruo? -- Monstruos marinos -- Monstruos cinematográficos -- Shrek -- Leandro Estebecorena, animador de 3D -- Preciosaurio / Silvia Schujer -- Una lección -- Atención, falsificadores -- Compositores de jingles -- ¿Quién dijo que la moda no incomoda? -- Fascinación por los helados -- Destino cruel -- Les Luthiers y las sombras de ayer -- Berni y Juanito Laguna | |
| 020 | |a 9875502146 | ||
| 100 | 1 | |a Galdeano, Ana | |
| 700 | 1 | |a Leona, Pablo | |
| 700 | 1 | |a Mazer, Violeta | |
| 082 | 0 | 4 | |a Z468 |
| 653 | |a Lengua | ||
| 653 | |a Lengua-7º egb | ||
| 653 | |a Lengua-actividades | ||
| 859 | |a CEMS |b BIB. CEMS - 11 de abril |h Z468 |i G149-1 |p 25682.09 |t Ej.1 |v 7 |3 7 | ||
